Alliance politics / (Record no. 31151)

MARC details
000 -LEADER
campo de control de longitud fija 01144cam a2200349Mu 4500
001 - NÚMERO DE CONTROL
campo de control 92438
005 - FECHA Y HORA DE LA ÚLTIMA TRANSACCIÓN
campo de control 20230410105143.0
008 - DATOS DE LONGITUD FIJA--INFORMACIÓN GENERAL
campo de control de longitud fija 070702s2007 nyu 000 0 eng d
035 ## - NÚMERO DE CONTROL DEL SISTEMA
Número de control de sistema (OCoLC)ocn611805886
040 ## - FUENTE DE CATALOGACIÓN
Centro catalogador/agencia de origen SzZUIDS
Lengua de catalogación ger
Centro/agencia transcriptor CHVBK
020 ## - NÚMERO INTERNACIONAL ESTÁNDAR DEL LIBRO
Número Internacional Estándar del Libro 9780801484285
020 ## - NÚMERO INTERNACIONAL ESTÁNDAR DEL LIBRO
Número Internacional Estándar del Libro 0801484286
029 0# - OTRO NÚMERO DE CONTROL DE SISTEMA (OCLC)
Identificador de la biblioteca OCLC CHVBK
Número de control de sistema 007131097
035 ## - NÚMERO DE CONTROL DEL SISTEMA
Número de control de sistema (OCoLC)611805886
050 14 - SIGNATURA TOPOGRÁFICA DE LA BIBLIOTECA DEL CONGRESO
Número de clasificación D 397
Número de ítem S675a 2007
082 00 - NÚMERO DE LA CLASIFICACIÓN DECIMAL DEWEY
Número de clasificación 327.1/16/09409034
100 1# - ENTRADA PRINCIPAL--NOMBRE DE PERSONA
Nombre de persona Snyder, Glenn Herald.
245 10 - MENCIÓN DEL TÍTULO
Título Alliance politics /
Mención de responsabilidad, etc. Glenn Herald Snyder.
260 ## - PUBLICACIÓN, DISTRIBUCIÓN, ETC.
Lugar de publicación, distribución, etc. Ithaca, NY :
Nombre del editor, distribuidor, etc. Cornell University Press,
Fecha de publicación, distribución, etc. 2007.
300 ## - DESCRIPCIÓN FÍSICA
Extensión x, 414 p. :
Otras características físicas ill. ;
Dimensiones 24 cm.
490 0# - MENCIÓN DE SERIE
Mención de serie Cornell studies in security affairs
650 #0 - PUNTO DE ACCESO ADICIONAL DE MATERIA--TÉRMINO DE MATERIA
Término de materia o nombre geográfico como elemento de entrada World politics
Subdivisión cronológica 20th century.
650 #0 - PUNTO DE ACCESO ADICIONAL DE MATERIA--TÉRMINO DE MATERIA
Término de materia o nombre geográfico como elemento de entrada International relations
Subdivisión general Research.
651 #0 - PUNTO DE ACCESO ADICIONAL DE MATERIA--NOMBRE GEOGRÁFICO
Nombre geográfico Europe
Subdivisión general Politics and government
Subdivisión cronológica 1871-1918.
650 #0 - PUNTO DE ACCESO ADICIONAL DE MATERIA--TÉRMINO DE MATERIA
Término de materia o nombre geográfico como elemento de entrada Alliances
Subdivisión general Case studies.
650 #4 - PUNTO DE ACCESO ADICIONAL DE MATERIA--TÉRMINO DE MATERIA
Término de materia o nombre geográfico como elemento de entrada Política mundial
Subdivisión cronológica Siglo XX.
650 #4 - PUNTO DE ACCESO ADICIONAL DE MATERIA--TÉRMINO DE MATERIA
Término de materia o nombre geográfico como elemento de entrada Relaciones internacionales
Subdivisión general Investigaciones.
856 ## - LOCALIZACIÓN Y ACCESO ELECTRÓNICOS
Identificador Uniforme de Recursos <a href="http://aleph.unisg.ch/hsgscan/hm00205126.pdf">http://aleph.unisg.ch/hsgscan/hm00205126.pdf</a>
Nota pública download (pdf)
Materiales especificados Inhaltsverzeichnis
942 ## - ELEMENTOS DE ENTRADA SECUNDARIOS (KOHA)
Fuente del sistema de clasificación o colocación Clasificación de Library of Congress
Tipo de ítem Koha
994 ## -
-- C0
-- DRFGD
946 ## - PROCESAMIENTO DE INFORMACIÓN LOCAL (OCLC)
a lmm
Holdings
Estatus retirado Estado de pérdida Fuente del sistema de clasificación o colocación Estado de daño No para préstamo Colección Biblioteca de origen Biblioteca actual Ubicación en estantería Fecha de adquisición Serial enumeration / chronology Signatura topográfica completa Código de barras Visto por última vez Copia número Tipo de ítem Koha
    Clasificación de Library of Congress     Recursos Regionales Biblioteca Juan Bosch Biblioteca Juan Bosch Recursos Regionales (2do. Piso) 10/04/2023 1 D 397 S675a 2007 00000078134 23/10/2018 1